| 000 | 02131cam a22004097a 4500 | ||
|---|---|---|---|
| 001 | 13908244 | ||
| 005 | 20060926144556.0 | ||
| 008 | 050322s2004 enka b 001 0 eng d | ||
| 010 | _a 2005273626 | ||
| 015 |
_aGBA459268 _2bnb |
||
| 016 | 7 |
_a012971358 _2Uk |
|
| 020 | _a0470861940 (pbk.) | ||
| 020 | _a9780470861943 | ||
| 035 | _a(OCoLC)ocm56640755 | ||
| 040 |
_aUKM _cUKM _dC#P _dDLC |
||
| 042 | _alccopycat | ||
| 050 | 0 | 0 |
_aQA76.76.D47 _bS295 2004 |
| 082 | 0 | 0 |
_a005.1 _222 _bSCE |
| 245 | 0 | 0 |
_aScenarios, Stories, Use Cases : _bthrough the Systems Development Life-Cycle / _cEdited by Ian Alexander and Neil Maiden. |
| 260 |
_aChichester ; _aHoboken, NJ : _bWiley, 2004 _cc2004. |
||
| 300 |
_axxiv, 519 p. : _bill. ; _c24 cm. |
||
| 504 | _aIncludes bibliographical references and index. | ||
| 650 | 0 |
_aComputer software _xDevelopment. _920925 |
|
| 650 | 0 |
_aSystems engineering. _920926 |
|
| 650 | 0 |
_aComputer software _xHuman factors. _920927 |
|
| 650 | 0 |
_aSoftware engineering. _920928 |
|
| 700 | 1 |
_aAlexander, Ian _q(Ian F.), _d1954- _920929 |
|
| 700 | 1 |
_aMaiden, Neil. _920930 |
|
| 856 | 4 | 2 |
_3Contributor biographical information _uhttp://www.loc.gov/catdir/enhancements/fy0626/2005273626-b.html |
| 856 | 4 | 2 |
_3Publisher description _uhttp://www.loc.gov/catdir/enhancements/fy0626/2005273626-d.html |
| 856 | 4 | 1 |
_3Table of contents only _uhttp://www.loc.gov/catdir/enhancements/fy0626/2005273626-t.html |
| 942 |
_2ddc _cBB |
||
| 999 |
_c14809 _d14809 |
||